000 00392nam a2200145Ia 4500
008 151213s9999 xx 000 0 und d
100 _aAuik Gangopadhyoy
245 _aLiterary Theory and Criticism bey & Modernisms
_cAuik Gangopadhyoy
260 _aKolkata
_bBooks Way
_c2005
300 _a3149 p.
650 _aEnglish
650 _aEnglish
700 _aAuik Gangopadhyoy
999 _c2174
_d2174